LDR 00820naa#a2200169#i#450# 001 EN\\bibl\121327 005 20260515213032.5 011 ## _a1994-4683 100 ## _a20230803b2023####ek#y0engy0150####ca 102 ## _aRU 200 1# _aRESEARCH ON THE PROBLEMS OF PROFESSIONAL EDUCATION DISABLED PEOPLE AND PERSONS WITH LIMITED HEALTH OPPORTUNITIES IN HIGHER EDUCATION PROGRAMS OF SPORTS ORIENTATION _eJournal article 210 1# _aMoscow _cNational State University of Physical Education, Sports and Health named after P.F. Lesgaft _d2023 215 ## _a5 с. 608 ## _aJournal article _2local 675 ## _aПланирование занятий (продолжительность учебы, расписание занятий, количество учащихся и т.д.). 378.145 _z 700 #1 _a _g 856 4# _auchzapiski.lesgaft.spb.ru _u